[Event "Jajce (Women)"]
[Site "Jajce"]
[Date "1990.??.??"]
[Round "10"]
[White "Bojkovic, Natasa"]
[Black "Petrovic, Marija"]
[Result "1-0"]
[WhiteElo "2270"]
[BlackElo "2290"]

1.e4 g6 2.d4 Bg7 3.Nc3 c6 4.Bc4 d5 5.exd5 b5 6.Bb3 b4 7.Nce2 cxd5 8.Bd2 a5
9.a3 bxa3 10.Rxa3 Nf6 11.Qa1 Nc6 12.Ba4 Qb6 13.Rb3 Qa6 14.Nf3 O-O 15.Bb5 Qb7
16.Ba4 Nb4 17.O-O Qa6 18.Qd1 Bg4 19.h3 Bf5 20.Bxb4 axb4 21.Rxb4 Qd6 22.c3 Ra7
23.Bc2 Ne4 24.Nd2 Nxd2 25.Qxd2 Bxc2 26.Qxc2 Rfa8 27.Nc1 Ra1 28.Qe2 Bf8 29.Nb3 Rxf1+
30.Qxf1 Qf4 31.g3 Qf5 32.Kg2 h5 33.Qe2 e5 34.Rb5 e4 35.c4 Rd8 36.Nd2 Bh6
37.Rxd5 Rxd5 38.cxd5 Bxd2 39.Qxd2 Qxd5 40.Qe3 Kg7 41.h4 f6 42.Kh2 Kh7 43.Qc3 Qf5
44.Kg1 g5 45.hxg5 Qxg5 46.Qc7+ Kg6 47.Qf4 Qd5 48.Qe3 Kf7 49.Qc3 Kg6 50.b4 Qa2
51.Kg2 Qd5 52.Kh2 Qa2 53.Qe3 Qb1 54.Kg2 Qxb4 55.Qxe4+ Kg7 56.Qd5 Qe7 57.Qf3 Qe6
58.Kh2 Qd6 59.Qe4 Qd7 60.d5 Kf8 61.Kg2 f5 62.Qe6 Qxe6 63.dxe6 Ke7 64.Kh3 f4
65.Kh4 fxg3 66.fxg3 Kxe6 67.Kxh5 Kf6 68.Kh6 Kf5 69.Kh5 Kf6 70.g4 Kg7 71.Kg5 Kf7
72.Kh6 Kg8 73.g5  1-0

[Event "Balkaniad-J"]
[Site "Kavala"]
[Date "1990.??.??"]
[Round "4"]
[White "Istratescu, Andrei"]
[Black "Mastrokoukos, Georgios"]
[Result "1/2-1/2"]
[WhiteElo "2330"]
[BlackElo "2280"]

1.e4 g6 2.d4 Bg7 3.Nc3 c6 4.Nf3 d6 5.h3 Nf6 6.a4 O-O 7.Be3 b6 8.Be2 Bb7 9.O-O Nbd7
10.Qd2 Qc7 11.Rfd1 a6 12.Bh6 b5 13.Bxg7 Kxg7 14.Qe3 b4 15.e5 dxe5 16.dxe5 Nxe5
17.Qxe5 Qxe5 18.Nxe5 bxc3 19.bxc3 Nd5 20.Ra3 f6 21.Nd7 Rf7 22.c4 e5 23.Nc5 Nf4
24.Bf3 Ra7 25.Rd6 Bc8 26.h4 Rfe7 27.g3 Ne6 28.Rxc6 Nxc5 29.Rxc5 Rac7 30.Rxc7 Rxc7
31.Bd5 Rc5 32.a5 Kf8 33.Kf1 Ke7 34.Ke2 Be6 35.Bxe6 Kxe6 36.Kd3 Kd6 37.Kc3 e4
38.Kd4 Rf5 39.Rb3 Rxf2 40.Rb6+ Kc7 41.Rxa6 f5 42.Ra7+ Kc6 43.Rxh7 Rxc2 44.Rg7 Rd2+
45.Ke3 Rd3+ 46.Kf2 Rd2+ 47.Ke1 Ra2 48.Rxg6+ Kc5 49.Rg5 Kxc4 50.Rxf5 Kd3 51.Rd5+ Ke3
52.Kd1 Kf3 53.h5 e3 54.Rf5+ Ke4 55.Rf7 e2+ 56.Ke1 Ke3 57.Re7+ Kf3  1/2-1/2

[Event "Balkaniad-J"]
[Site "Kavala"]
[Date "1990.??.??"]
[Round "6"]
[White "Burovic, Ismet"]
[Black "Mastrokoukos, Georgios"]
[Result "1-0"]
[WhiteElo "2355"]
[BlackElo "2280"]

1.e4 g6 2.d4 Bg7 3.Nc3 c6 4.Nf3 d6 5.a4 Nf6 6.h3 O-O 7.Be3 d5 8.e5 Ne4 9.Nxe4 dxe4
10.Ng5 c5 11.dxc5 Bxe5 12.Qxd8 Rxd8 13.c3 f5 14.Bc4+ Kg7 15.Nf7 Nc6 16.Bh6+ Kf6
17.Bg5+ Kg7 18.Nxd8 Nxd8 19.Bxe7 Be6 20.Bxe6 Nxe6 21.O-O-O Nf4 22.Rd7 Nd3+
23.Kc2 Nxf2 24.Bh4+  1-0

[Event "Kherson"]
[Site "Kherson"]
[Date "1990.??.??"]
[Round "?"]
[White "Frolov, Artur"]
[Black "Kruppa, Yuri"]
[Result "1/2-1/2"]
[WhiteElo "2485"]
[BlackElo "2485"]

1.e4 g6 2.d4 Bg7 3.Nc3 c6 4.h4 h5 5.Bc4 d5 6.exd5 b5 7.Be2 b4 8.Na4 cxd5
9.a3 bxa3 10.Rxa3 Nf6 11.Nf3 Bg4 12.Ne5 Bxe2 13.Qxe2 O-O 14.Nc5 Qe8 15.O-O Nfd7
16.Ncxd7 Nxd7 17.Bf4 Nxe5 18.Bxe5 Qd7 19.Re1 Bh6 20.Rea1 Rfc8 21.Ra6 Kh7
22.c3 Bg7 23.Bg3 Bf6 24.Qf3 Kg7 25.R1a5 e6 26.Qd1 Rc6 27.Qa1 Rxa6 28.Rxa6 Qb7
29.Kh2 Kg8 30.Kh3 Bd8 31.Be5 Bb6 32.Ra3 Qe7 33.f3 f6 34.Bg3 e5 35.dxe5 fxe5
36.Kh2 Rd8 37.Qa2 Kh7 38.c4 d4 39.Rd3 a5 40.Qa4 Bc7 41.Qc6 Qf7 42.b3 Rb8
43.Kg1 Rg8 44.Qc5 Qf5 45.Qxc7+ Rg7 46.Qd6 Qxd3 47.Bxe5  1/2-1/2

[Event "JUG-ch (Women)"]
[Site "Kladovo"]
[Date "1990.??.??"]
[Round "?"]
[White "Micic, Jordanka"]
[Black "Petrovic, Marija"]
[Result "0-1"]
[WhiteElo "2210"]
[BlackElo "2290"]

1.e4 g6 2.d4 Bg7 3.Nc3 c6 4.f4 d5 5.e5 h5 6.Bd3 Nh6 7.Nce2 Bf5 8.Nf3 e6 9.c3 Nd7
10.Be3 Bf8 11.Qd2 Be7 12.O-O-O b5 13.h3 h4 14.g4 hxg3 15.Nxg3 Nb6 16.Bxf5 Nxf5
17.Nxf5 gxf5 18.Rdg1 Nc4 19.Qd3 Qa5 20.Kb1 b4 21.Nd2 Qb5 22.cxb4 Bxb4 23.Nxc4 dxc4
24.Qe2 Rb8 25.Ka1 Qd5 26.Qg2 c3 27.Qxd5 cxd5 28.Bc1 cxb2+ 29.Bxb2 Bd2 30.Rf1 Rh4
31.Rfg1 Rb7 32.Rg8+ Kd7 33.Rf8 Kc6 34.Rh2 Rxf4 35.a4 Bb4 36.Rh8 Rf1+ 37.Ka2 f4
38.Rc8+ Kd7 39.Rcc2 Be1 40.h4 f3 41.Bc1 Rb4 42.h5 Rxa4+ 43.Ba3 Bg3 44.h6 Bxh2
45.Rxh2 f2  0-1

[Event "JUG-ch (Women)"]
[Site "Kladovo"]
[Date "1990.??.??"]
[Round "?"]
[White "Tesic, Milica"]
[Black "Petrovic, Marija"]
[Result "0-1"]
[WhiteElo "2105"]
[BlackElo "2290"]

1.e4 g6 2.d4 Bg7 3.Nc3 c6 4.f4 d5 5.e5 h5 6.Bd3 Nh6 7.Nce2 Bf5 8.Nf3 e6 9.Be3 Nd7
10.c3 Bf8 11.Ng3 Bxd3 12.Qxd3 h4 13.Ne2 Nf5 14.O-O-O Qa5 15.Kb1 Nb6 16.g4 Nxe3
17.Qxe3 Nc4 18.Qd3 Qb6 19.b3 a5 20.Ka1 Na3 21.f5 a4 22.b4 gxf5 23.gxf5 O-O-O
24.Ng5 Rd7 25.fxe6 fxe6 26.Nxe6 Nc4 27.Nxf8 Rxf8 28.Rdf1 Re8 29.Rf6 Kb8 30.Nf4 a3
31.Qg6 Rc8 32.Qg4 Rdd8 33.Ne6 Rg8 34.Qe2 Qb5 35.Rhf1 h3 36.Nf4 Ne3 37.Qxb5 cxb5
38.Nxh3 Nxf1 39.Rxf1 Rxc3 40.Nf4 Rf8 41.Kb1 Re3  0-1

[Event "JUG-ch (Women)"]
[Site "Kladovo"]
[Date "1990.??.??"]
[Round "?"]
[White "Micic, Snezana"]
[Black "Petrovic, Marija"]
[Result "0-1"]
[WhiteElo "2120"]
[BlackElo "2290"]

1.e4 g6 2.d4 Bg7 3.Nc3 c6 4.Nf3 d6 5.a4 a5 6.Be2 Nf6 7.O-O O-O 8.Bf4 Bg4
9.Qd2 d5 10.h3 Bxf3 11.gxf3 Qd7 12.Kg2 Nh5 13.Bh6 Na6 14.Bxg7 Nxg7 15.exd5 cxd5
16.Bb5 Qf5 17.Bd3 Qh5 18.Rae1 Nb4 19.Re5 Qh4 20.Ne2 Ne6 21.c3 Nxd3 22.Qxd3 Rad8
23.Qb5 Ng5 24.Ng1 Ne6 25.Ne2 Rd6 26.Qxa5 Rfd8 27.Qb5 Ng5 28.Nc1 Rf6 29.Rxd5 Rxd5
30.Qxd5 Ne6 31.Qxb7 Nf4+ 32.Kh2 Rf5 33.Qc8+ Kg7  0-1

[Event "JUG-ch (Women)"]
[Site "Kladovo"]
[Date "1990.??.??"]
[Round "?"]
[White "Mihevc, Narcisa"]
[Black "Petrovic, Marija"]
[Result "0-1"]
[WhiteElo "2115"]
[BlackElo "2290"]

1.e4 g6 2.d4 Bg7 3.Nc3 c6 4.Bc4 d6 5.Qf3 e6 6.Nge2 b5 7.Bb3 b4 8.Nd1 d5 9.a3 bxa3
10.Rxa3 Nd7 11.O-O Qh4 12.exd5 cxd5 13.c4 Ngf6 14.cxd5 Bb7 15.g3 Qh3 16.Nf4 Qh6
17.Qe2 O-O 18.dxe6 fxe6 19.Bxe6+ Kh8 20.Qb5 Bc8 21.Nd3 Qh5 22.Qxh5 Nxh5 23.Be3 Nb6
24.Bxc8 Rfxc8 25.Nc3 Nc4 26.Ra4 Nxb2 27.Nxb2 Rxc3 28.Rfa1 Rc7 29.Nd3 Nf6
30.Nf4 Re7 31.Ra6 Kg8 32.Ne6 Bh8 33.Bg5 Kf7 34.Nc5 Bg7 35.Ne4 Rxe4 36.Rxa7+ Rxa7
37.Rxa7+ Kg8 38.Ra8+ Re8 39.Rxe8+ Nxe8 40.Be3 Kf7 41.Kg2 Ke6 42.h4 Nf6 43.f3 Nd5
44.Bf2 Ne7 45.g4 Nc6 46.h5 Bxd4 47.Bg3 Ne5 48.Bf4 Nd3 49.Bd2 Be5 50.Kh3 Bf4
51.Bc3 g5 52.Kg2 Kd5 53.Kf1 Kc4 54.Bf6 Nc1 55.Kf2 Kd3 56.Be7 Nb3 57.Bd8 Be3+
58.Kg3 Nd4 59.Bb6  0-1

[Event "Kusadasi op"]
[Site "Kusadasi"]
[Date "1990.??.??"]
[Round "8"]
[White "Kudrin, Sergey"]
[Black "Gufeld, Eduard"]
[Result "1-0"]
[WhiteElo "2565"]
[BlackElo "2475"]

1.e4 g6 2.d4 Bg7 3.Nc3 c6 4.Bc4 d5 5.exd5 b5 6.Bb3 b4 7.Nce2 cxd5 8.Bd2 Na6
9.a3 bxa3 10.Rxa3 Nc7 11.Nf3 Nf6 12.Ne5 O-O 13.Bb4 Ba6 14.O-O Re8 15.Re1 e6
16.Nc3 Bf8 17.Nc6 Qc8 18.Bxf8 Kxf8 19.Qf3 Kg7 20.Rea1 Qb7 21.Ne5 Qb6 22.Qf4 Re7
23.Na4 Qd6 24.Nc5 Bc4 25.Bxc4 Nh5 26.Qh4 dxc4 27.Ne4 Qxd4 28.Nc6 Qd7 29.Nxe7 f5
30.Nc5 Qd6 31.Qxc4 Qxe7 32.Rxa7 Rxa7 33.Rxa7 Kh6 34.Nd3  1-0

[Event "Lenk op"]
[Site "Lenk"]
[Date "1990.??.??"]
[Round "?"]
[White "Klinger, Josef"]
[Black "Klauser, Markus"]
[Result "0-1"]
[WhiteElo "2475"]
[BlackElo "2315"]

1.d4 g6 2.e4 Bg7 3.Nc3 c6 4.Bc4 d6 5.Qf3 e6 6.Nge2 Nd7 7.Bb3 Qe7 8.Be3 Ngf6
9.O-O-O e5 10.h3 O-O 11.g4 exd4 12.Bxd4 b5 13.Ng3 b4 14.Nce2 Ne5 15.Qf4 a5
16.Bxe5 dxe5 17.Qe3 Ba6 18.Ba4 Rfc8 19.Nh5 gxh5 20.Ng3 Qa7 21.Qf3 h4 22.Nf5 Rd8
23.g5 Ne8 24.Nh6+ Bxh6 25.gxh6 Qe7 26.Bxc6 Rxd1+ 27.Rxd1 Qg5+ 28.Kb1 Rc8
29.Bd5 Nf6 30.Bb3 Bb7 31.a4 Bxe4 32.Qe2 Qf5 33.Rg1+ Kh8 34.Qd2 Qf4 35.Qd6 Rg8
36.Rxg8+ Nxg8 37.Qd8 Qf6 38.Qxa5 Nxh6 39.Qxb4 Bg6 40.a5 Kg7 41.Qb7 Qxf2 42.a6 Qe1+
43.Ka2 Qa5+ 44.Kb1 Qe1+ 45.Ka2 Be4 46.Qe7 Qa5+ 47.Kb1 Kg6 48.Qxh4 Bf5 49.Qg3+ Kf6
50.Qe3 Ng8 51.a7 Ne7 52.Bc4 Nc6 53.h4 Kg7 54.h5 h6 55.Qf2 Bxc2+ 56.Kxc2 Nd4+
57.Kb1 Qxa7 58.Qg3+ Kf6 59.Qe3 Qa1+ 60.Kxa1 Nc2+ 61.Kb1 Nxe3 62.Ba2 Ke7 63.Kc1 f5
64.Kd2 Ng4 65.Bb1 Ke6 66.Bc2 Nf6 67.Bb3+ Nd5  0-1

[Event "Lyngby op"]
[Site "Lyngby"]
[Date "1990.??.??"]
[Round "3"]
[White "Fette, Martin"]
[Black "Kristiansen, Jens"]
[Result "1-0"]
[WhiteElo "2360"]
[BlackElo "2445"]

1.e4 g6 2.d4 Bg7 3.Nc3 c6 4.f4 d5 5.e5 h5 6.Nf3 Bg4 7.Be3 Nh6 8.h3 Nf5 9.Bf2 Bxf3
10.Qxf3 h4 11.Bd3 e6 12.O-O Bf8 13.Ne2 Nd7 14.b3 Be7 15.c4 Nb6 16.c5 Nd7
17.b4 Kf8 18.a4 Kg7 19.b5 Qc7 20.Kh2 Rab8 21.Nc3 Qa5 22.Rfc1 Rhc8 23.Qe2 Rh8
24.Qf3 Rhc8 25.Ne2 Qc7 26.a5 cxb5 27.Bxb5 a6 28.Ba4 Qd8 29.Rab1 Rc7 30.Rc2 Qc8
31.Rcb2 Ra8 32.Rb4 Nb8 33.Qb3 Ra7 34.Qb2 Qh8 35.Qd2 Qh6 36.R4b2 Nc6 37.Bxc6 bxc6
38.Be3 Qh5 39.Rb8 Nxe3 40.Qxe3 Qf5 41.R1b6 Qc2 42.Re8 Rab7 43.Rxa6 Rb3 44.Raa8 g5
45.f5  1-0

[Event "Lyon op"]
[Site "Lyon"]
[Date "1990.??.??"]
[Round "?"]
[White "Van Dongen, Patrick"]
[Black "Bricard, Emmanuel"]
[Result "0-1"]
[WhiteElo "2275"]
[BlackElo "2375"]

1.e4 g6 2.d4 Bg7 3.Nc3 c6 4.Nf3 d6 5.Be2 Nd7 6.O-O Nh6 7.a4 a5 8.Be3 O-O
9.h3 f6 10.Qd2 Nf7 11.d5 Qc7 12.Nd4 Nc5 13.f4 f5 14.Bf3 Bd7 15.exf5 gxf5
16.g4 fxg4 17.hxg4 e5 18.dxe6 Bxe6 19.Nxe6 Nxe6 20.f5 Nc5 21.g5 Rfe8 22.f6 Bf8
23.Rae1 d5 24.Qg2 Rxe3 25.Rxe3 Qf4 26.Re2 Qxg5 27.Bh5 h6 28.Qxg5+ Nxg5 29.Re7 Rd8
30.Rc7 Rd7 31.Rxd7 Nxd7 32.Bg4 Ne5 33.Bh5 Bc5+ 34.Kg2 Bd4 35.Nd1 Nd7 36.f7+ Kf8
37.c3 Bc5 38.Nf2  0-1

[Event "FRG-ch qual"]
[Site "Mengen"]
[Date "1990.??.??"]
[Round "6"]
[White "Roeder, Frank"]
[Black "Gutman, Lev"]
[Result "0-1"]
[WhiteElo "2340"]
[BlackElo "2475"]

1.e4 g6 2.d4 Bg7 3.Nc3 c6 4.Be3 Nf6 5.Nf3 O-O 6.h3 d5 7.e5 Ne4 8.Nxe4 dxe4
9.Ng5 c5 10.Nxe4 cxd4 11.Qxd4 Qa5+ 12.Bd2 Bxe5 13.Bxa5 Bxd4 14.O-O-O Nc6
15.Bc3 Bxc3 16.Nxc3 Be6 17.Bb5 Rfc8 18.Rd2 a6 19.Bxc6 Rxc6 20.Rhd1 Rac8 21.Rd8+ Kg7
22.Rxc8 Rxc8 23.Nd5 Rc5 24.Ne3 g5 25.Rd4 f5 26.f4 Kf6 27.a4 gxf4 28.Rxf4 Bd7
29.b4 Rc8 30.Kd2 e5 31.Rf2 h5 32.Nd5+ Ke6 33.Nb6 Rd8 34.Nxd7 Rxd7+ 35.Ke3 f4+
36.Ke2 h4 37.Rf3 Rg7 38.Kf1 Rc7 39.c3 Kd5 40.Ke2 Rg7 41.Rf2 Rg3 42.Kd2 Kc4
43.Re2 Rd3+ 44.Ke1 Rd5 45.Rd2 Rxd2 46.Kxd2 e4 47.Kc2 b6 48.Kd2 Kb3 49.a5 b5  0-1

[Event "FRG-ch qual"]
[Site "Mengen"]
[Date "1990.??.??"]
[Round "8"]
[White "Holzhaeuer, Mathias"]
[Black "Gutman, Lev"]
[Result "1-0"]
[WhiteElo "2315"]
[BlackElo "2475"]

1.e4 g6 2.d4 Bg7 3.Nc3 c6 4.Bc4 b5 5.Bb3 a5 6.a3 a4 7.Ba2 Qb6 8.e5 d5 9.Nce2 f6
10.f4 Nh6 11.Nf3 O-O 12.O-O fxe5 13.fxe5 Bg4 14.c3 e6 15.Bf4 Nd7 16.Qd2 Nf5
17.Kh1 c5 18.h3 Bxf3 19.Rxf3 cxd4 20.cxd4 b4 21.Qxb4 Rab8 22.Qxb6 Rxb6 23.b4 axb3
24.Bxb3 Nb8 25.Bh2 Nc6 26.Bg1 Na5 27.Bc2 Nc4 28.Rb3 Rc6 29.Bd3 Bh6 30.a4 Ra8
31.g4 Nh4 32.Bf2 Bg5 33.Rb7 Rf8 34.Bg3 Na5 35.Rb5 Rf3 36.Rxa5 Rxd3 37.Rc5 Ra6
38.Rc7 Ra8 39.Rb1 Re3 40.Rb2 h5 41.a5 Bd8 42.Rc6 Bxa5 43.Ra2 g5 44.Rxe6 Rb8
45.Bxh4 gxh4 46.gxh5 Bc3 47.Rg6+ Kh8 48.Rg4 Rxh3+ 49.Kg2 Rd3 50.Rxh4 Bb2
51.Rh3 Rg8+ 52.Kh2 Rd2 53.Re3 Bxd4 54.Rxd2 Bxe3 55.Rxd5 Rg5 56.Kh3 Rxh5+
57.Kg4 Rh2 58.Ng3 Rd2 59.Rb5 Rd4+ 60.Kf3 Bg5 61.Ne4 Bd8 62.Rb7 Kg8 63.Kf4 Kf8
64.Kf5 Be7 65.Ra7 Rc4 66.Ng3 Kf7 67.Nh5 Rd4 68.Nf4 Rd1 69.Rb7 Rf1 70.Rb8 Bf8
71.Rc8 Be7 72.Rc2 Bf8 73.Rh2 Bb4 74.Rh7+ Kg8 75.Rd7 Kf8 76.Ke4 Re1+ 77.Kd4 Rd1+
78.Nd3 Be7 79.Ke4 Ke8 80.Rb7 Kf7 81.Rb2 Rh1 82.Rf2+ Ke8 83.Kf5 Rh5+ 84.Ke6 Rh6+
85.Kd5 Kd7 86.Ra2 Ke8 87.Nf2 Rh2 88.Ra8+ Kf7 89.Ne4 Bh4 90.Nd6+ Kg6 91.Rg8+ Kh5
92.Ne4 Kh6 93.Ke6 Kh7 94.Rg4 Kh6 95.Nf6 Bg5 96.Kf7 Rf2 97.Rg1 Rf4 98.Rg2 Ra4
99.e6  1-0

[Event "Moscow (Women)"]
[Site "Moscow"]
[Date "1990.??.??"]
[Round "?"]
[White "Levitina, Irina S"]
[Black "Chelushkina, Irina"]
[Result "0-1"]
[WhiteElo "2370"]
[BlackElo "2315"]

1.d4 g6 2.e4 Bg7 3.Nc3 c6 4.Bg5 Qb6 5.Nf3 Qxb2 6.Bd2 Qb6 7.e5 Qd8 8.Ne4 d5
9.exd6 Bf5 10.Ng3 Bg4 11.dxe7 Qxe7+ 12.Be3 Nf6 13.Be2 Nd5 14.Qd3 Na6 15.c3 Nac7
16.Bg5 f6 17.Bd2 Ne6 18.O-O Nef4 19.Qc2 Nxe2+ 20.Nxe2 Bxf3 21.gxf3 O-O 22.Rfe1 Qd7
23.Nf4 Rfe8 24.Qb3 Kh8 25.Nxd5 cxd5 26.Rxe8+ Rxe8 27.Re1 Rxe1+ 28.Bxe1 b5
29.a4 a6 30.axb5 Qxb5 31.Qxb5 axb5 32.Kf1 Kg8 33.Bd2 Kf7 34.Ke2 Ke6 35.Bf4 Bf8
36.h3 Be7 37.Bc7 Kf5 38.Bb8 Kg5 39.Kf1 Bd8  0-1

[Event "Moscow (Women)"]
[Site "Moscow"]
[Date "1990.??.??"]
[Round "?"]
[White "Levitina, Irina S"]
[Black "Matveeva, Svetlana"]
[Result "1/2-1/2"]
[WhiteElo "2370"]
[BlackElo "2360"]

1.d4 g6 2.e4 Bg7 3.Nc3 c6 4.Nf3 d6 5.a4 Bg4 6.Be2 d5 7.exd5 cxd5 8.Bf4 Nc6
9.Nb5 Rc8 10.c3 a6 11.Na3 Nf6 12.O-O O-O 13.h3 Bxf3 14.Bxf3 e6 15.Re1 Ne8
16.Be2 Nd6 17.Bd3 Na5 18.Qf3 Nac4 19.Nxc4 Nxc4 20.Re2 Qd7 21.Qg3 Rfe8 22.h4 h5
23.a5 Qd8 24.Bg5 Qc7 25.Bf4 Qd8 26.Bg5 Qc7 27.Bf4  1/2-1/2

[Event "Moscow1"]
[Site "Moscow"]
[Date "1990.??.??"]
[Round "?"]
[White "Tsarev, V."]
[Black "Komliakov, Viktor"]
[Result "1/2-1/2"]
[WhiteElo "2325"]
[BlackElo "2400"]

1.e4 g6 2.d4 Bg7 3.Nc3 c6 4.Be3 d5 5.f3 dxe4 6.fxe4 Nf6 7.Nf3 O-O 8.Qd2 b5
9.e5 Nd5 10.Nxd5 Qxd5 11.Bd3 f6 12.O-O Nd7 13.Bh6 Nb6 14.Bxg7 Kxg7 15.Rae1 Be6
16.b3 Qd7 17.Re4 Bg4 18.e6 Bxe6 19.Rfe1 Bf7 20.Rxe7 Qd6 21.c4 bxc4 22.bxc4 Qa3  1/2-1/2

[Event "Muenster op"]
[Site "Muenster"]
[Date "1990.??.??"]
[Round "5"]
[White "Semina, Svetlana"]
[Black "Gutman, Lev"]
[Result "0-1"]
[WhiteElo "2145"]
[BlackElo "2475"]

1.e4 g6 2.d4 Bg7 3.Nc3 c6 4.Nf3 Nf6 5.Bd3 O-O 6.O-O Na6 7.e5 Ne8 8.Ne4 Nb4
9.Be2 d6 10.c3 Nd5 11.h3 dxe5 12.Nxe5 Nd6 13.Nc5 Qc7 14.Ncd3 Bf5 15.c4 Nf6
16.Bf4 Qd8 17.Rc1 Nfe8 18.Re1 Nc7 19.Be3 Bc8 20.Nf3 Nf5 21.Nde5 Ne6 22.Bf1 Nxe3
23.fxe3 c5 24.d5 Ng5 25.b3 Ne4 26.Bd3 f5 27.Bb1 Qd6 28.Nd3 g5 29.Qc2 g4 30.hxg4 fxg4
31.Nf2 gxf3 32.Nxe4 Qh6 33.gxf3 Rxf3 34.Qg2 Rf8 35.Rc2 Qh5 36.Rf2 Bh3  0-1

[Event "Muenster op"]
[Site "Muenster"]
[Date "1990.??.??"]
[Round "7"]
[White "Meszaros, Andras"]
[Black "Gutman, Lev"]
[Result "1-0"]
[WhiteElo "2355"]
[BlackElo "2475"]

1.e4 g6 2.d4 Bg7 3.Nc3 c6 4.Nf3 Nf6 5.e5 Nd5 6.Nxd5 cxd5 7.h3 Nc6 8.c3 d6
9.Bf4 dxe5 10.Nxe5 O-O 11.Be2 f6 12.Nxc6 bxc6 13.Qd2 e5 14.dxe5 fxe5 15.Bg3 Qb6
16.O-O Ba6 17.Rae1 e4 18.c4 dxc4 19.Qc2 Qb4 20.Qxe4 Qc5 21.b3 Bd4 22.b4 Qd5
23.Qxd5+ cxd5 24.Rd1 Bc3 25.Rxd5 Rae8 26.Rc1 Rxe2 27.Rxc3 Rxa2 28.Re3 Rc8
29.Re7 c3 30.Rdd7 Rd2 31.Rg7+ Kf8 32.Rdf7+ Ke8 33.Re7+ Kf8 34.Rgf7+ Kg8 35.Be5 Rd5
36.Rg7+ Kf8 37.Ref7+ Ke8 38.Rxa7  1-0

[Event "NOR-chT"]
[Site "NOR"]
[Date "1990.??.??"]
[Round "?"]
[White "Berglund, Jan"]
[Black "Gausel, Einar"]
[Result "0-1"]
[WhiteElo "2140"]
[BlackElo "2440"]

1.d4 g6 2.e4 Bg7 3.Nc3 c6 4.f4 d5 5.e5 h5 6.Nf3 Bg4 7.Be3 e6 8.Bd3 Nh6 9.O-O Nd7
10.Qd2 Bf5 11.Ne2 Bf8 12.c3 Be7 13.Nc1 Bxd3 14.Nxd3 Nf5 15.Bf2 Qc7 16.Rfc1 a5
17.a4 Qb6 18.g3 Rc8 19.b4 Qa7 20.Nc5 Nb6 21.bxa5 Nc4 22.Qe2 Nxa5 23.Nd2 g5
24.fxg5 Bxg5 25.Rcb1 Bxd2 26.Qxd2 b6 27.Nb3 Nc4 28.Qe2 Kd7 29.Kh1 Rcg8 30.a5 b5
31.Rg1 Kc8 32.a6 Kb8 33.Nc5 Ka8 34.g4 hxg4 35.Rxg4 Rxg4 36.Qxg4 Nb6 37.Qg5 Nd7
38.Nd3 Qc7 39.Nb4 f6 40.Qf4 fxe5 41.dxe5 c5 42.Nd3 c4 43.Nb4 Qxe5 44.Qxe5 Nxe5
45.Bg1 Ng3+ 46.Kg2 Ne4 47.a7 Rg8+ 48.Kh1 Nd3 49.Nxd3 cxd3  0-1

[Event "NOR-ch"]
[Site "NOR"]
[Date "1990.??.??"]
[Round "3"]
[White "Djurhuus, Rune"]
[Black "Gausel, Einar"]
[Result "1-0"]
[WhiteElo "2405"]
[BlackElo "2460"]

1.e4 g6 2.d4 Bg7 3.Nc3 c6 4.Bc4 d6 5.Bb3 Nf6 6.f4 Qa5 7.e5 Ne4 8.Qf3 d5 9.Ne2 h5
10.O-O Bg4 11.Qe3 Nxc3 12.Nxc3 e6 13.a4 Bf8 14.h3 Bf5 15.Ne2 Nd7 16.Bd2 Qc7
17.a5 h4 18.c4 dxc4 19.Bxc4 Be7 20.Nc3 O-O 21.Ne4 b6 22.g4 hxg3 23.Nxg3 Kh7
24.h4 Rg8 25.Kf2 b5 26.Ba2 Rg7 27.Rh1 Kg8 28.Rag1 Qd8 29.Nxf5 exf5 30.h5 Bh4+
31.Kf1 gxh5 32.Rxg7+ Kxg7 33.Qh3 Nxe5 34.fxe5 Qxd4 35.Rg1+ Kh8 36.Qxf5 Bg5
37.Rxg5 Rg8 38.Rxh5+  1-0

[Event "Novi Sad ol (Men)"]
[Site "Novi Sad"]
[Date "1990.??.??"]
[Round "3"]
[White "Westerinen, Heikki MJ"]
[Black "Djuric, Stefan"]
[Result "1/2-1/2"]
[WhiteElo "2450"]
[BlackElo "2515"]

1.e4 g6 2.d4 Bg7 3.Nc3 c6 4.h3 d5 5.Nf3 dxe4 6.Nxe4 Nd7 7.Bc4 Ngf6 8.Nxf6+ Nxf6
9.O-O O-O 10.Re1 Qd6 11.Qe2 e6 12.c3 Nd5 13.Bd2 b6 14.Rad1 Bb7 15.Ba6 Bxa6
16.Qxa6 c5 17.Qa3 Qc7 18.c4 Nf6 19.dxc5 Rfc8 20.Be3 bxc5 21.Bxc5 Ne8 22.Bd4 Bf8
23.c5 Bxc5 24.Bxc5 Qxc5 25.Qxc5 Rxc5 26.Rd7 Rb5 27.b3 Nf6 28.Rd4 Rc8 29.Ra4 Rb7
30.Nd4 Nd5 31.Rc4 Rxc4 32.bxc4 Nc3 33.c5 Rb4 34.Nc6 Rc4 35.Nxa7 Rxc5 36.a4 Nxa4
37.Ra1 Nc3 38.Kf1 Ne4 39.Ke2 Kf8 40.Ke3 Nd6 41.Ra6 Nf5+ 42.Kd3 Ne7 43.Rb6 Nd5
44.Rb8+ Kg7 45.g3 Ra5 46.Nc6 Ra2 47.f3 Rh2 48.h4 Rh3 49.Ne5 Rxg3 50.Rb7 Rh3
51.Rxf7+ Kg8 52.Ra7 Rxh4 53.Nc6 Rf4 54.Nd4 Rf6 55.Ke4 h5 56.Ke5 h4 57.Nxe6 Rf5+
58.Kd4 Kh8 59.Ng7 Rg5 60.Ne6 Rh5 61.Ra8+ Kh7 62.Ra7+  1/2-1/2

[Event "Novi Sad ol (Men)"]
[Site "Novi Sad"]
[Date "1990.??.??"]
[Round "6"]
[White "Corbin, Philip"]
[Black "Berend, Fred"]
[Result "0-1"]
[WhiteElo "2300"]
[BlackElo "2225"]

1.e4 g6 2.d4 Bg7 3.Nc3 c6 4.Be3 d5 5.Qd2 Nf6 6.e5 Ne4 7.Nxe4 dxe4 8.O-O-O Bg4
9.f3 exf3 10.Nxf3 O-O 11.Bh6 Bxf3 12.gxf3 Qd5 13.Kb1 c5 14.c3 cxd4 15.cxd4 Nc6
16.Rg1 Rfd8 17.Rg4 Bxh6 18.Qxh6 Qxf3 19.Be2 Qxe2 20.Rdg1 Qd3+ 21.Ka1 Nxd4
22.a3 Nf5 23.Qg5 Rd4 24.h4 Rxg4 25.Qxg4 Qd4 26.Qg5 h6 27.Qg2 Nxh4 28.Qh1 Rd8
29.Rf1 Nf5 30.Qxb7 Qxe5 31.Qxa7 Ne3 32.Rc1 Kg7 33.Rc5 Rd1+ 34.Ka2 Qe6+ 35.b3 Rd2+  0-1

[Event "Novi Sad ol (Men)"]
[Site "Novi Sad"]
[Date "1990.??.??"]
[Round "6"]
[White "Castro Rojas, Oscar Humberto"]
[Black "Hutchings, Stuart J"]
[Result "1/2-1/2"]
[WhiteElo "2320"]
[BlackElo "2320"]

1.e4 g6 2.d4 Bg7 3.Nc3 c6 4.Be3 d5 5.Qd2 Nf6 6.e5 Ng4 7.Bf4 f6 8.exf6 Nxf6
9.Nf3 O-O 10.Bh6 Qd6 11.O-O-O Bg4 12.Bxg7 Kxg7 13.Be2 Nbd7 14.Ng5 h6 15.Bxg4 Nxg4
16.Nf3 Qf4 17.Rhe1 Rae8 18.Qxf4 Rxf4 19.Re2 g5 20.Rde1 Nxf2 21.Rxf2 g4 22.Ne2 Rf7
23.Neg1 gxf3 24.Nxf3 e5 25.dxe5 Nxe5 26.Kd1 Ng4 27.Rxe8 Nxf2+ 28.Ke2 Ne4
29.c3 Nd6 30.Re6 Rf6 31.Re7+ Rf7 32.Re6 Rf6 33.Re7+  1/2-1/2

[Event "Novi Sad ol (Men)"]
[Site "Novi Sad"]
[Date "1990.??.??"]
[Round "9"]
[White "Gomez Baillo, Jorge H"]
[Black "Rechlis, Gad"]
[Result "1/2-1/2"]
[WhiteElo "2435"]
[BlackElo "2505"]

1.e4 g6 2.d4 Bg7 3.Nc3 c6 4.Nf3 d6 5.a4 Nf6 6.h3 O-O 7.Be3 d5 8.e5 Ne4 9.Bd3 Nxc3
10.bxc3 c5 11.O-O c4 12.Be2 f6 13.exf6 exf6 14.Qd2 Nd7 15.a5 Re8 16.Rfe1 Nf8
17.Bh6 Bxh6 18.Qxh6 Bd7 19.Nh2 Qc7 20.Bf3 Qd6 21.Nf1 Rxe1 22.Rxe1 Re8 23.Rxe8 Bxe8
24.Qc1 Bc6 25.h4 Ne6 26.g3 Nc7 27.h5 Be8 28.Ne3 gxh5 29.Nf5 Qd7 30.Qf4 Bg6
31.Ne3 Kg7 32.Qh4 Qe7 33.Qf4 Qd7 34.Qh4 Qf7 35.Qf4 Qe7 36.Qh4  1/2-1/2

[Event "Novi Sad ol (Men)"]
[Site "Novi Sad"]
[Date "1990.??.??"]
[Round "11"]
[White "Zapata, Alonso"]
[Black "Spraggett, Kevin"]
[Result "1-0"]
[WhiteElo "2545"]
[BlackElo "2540"]

1.e4 g6 2.d4 Bg7 3.Nc3 c6 4.Bf4 d6 5.a4 Nf6 6.Qd2 Qa5 7.Nf3 Nbd7 8.Bc4 e5
9.dxe5 dxe5 10.Be3 O-O 11.O-O Qb4 12.Ba2 a5 13.Rad1 b6 14.Rfe1 Ba6 15.Bg5 Ra7
16.Bb3 Re8 17.Qe3 Ng4 18.Qc1 Nc5 19.h3 Nxb3 20.cxb3 Nf6 21.Na2 Qxb3 22.Qxc6 Bb7
23.Qc7 Nxe4 24.Rd8 Rxd8 25.Qxd8+ Bf8 26.Qb8 Qxb2 27.Be3 Qxa2 28.Qxa7 Qd5
29.Qb8 Kg7  1-0

[Event "Novi Sad ol (Men)"]
[Site "Novi Sad"]
[Date "1990.??.??"]
[Round "11"]
[White "Van Riemsdijk, Herman C"]
[Black "Ravisekhar, Raja"]
[Result "0-1"]
[WhiteElo "2440"]
[BlackElo "2405"]

1.e4 g6 2.d4 Bg7 3.Nc3 c6 4.Nf3 d5 5.h3 Nh6 6.Bf4 f6 7.exd5 cxd5 8.Bb5+ Nc6
9.O-O O-O 10.Re1 Nf7 11.Ba4 e6 12.a3 Na5 13.b4 Nc4 14.Bb3 Bd7 15.Bxc4 dxc4
16.Nd2 Rc8 17.Nde4 Re8 18.b5 b6 19.a4 Bf8 20.Qf3 f5 21.Ng3 Bg7 22.Rad1 Re7
23.Qe3 Be8 24.Nge2 Bf6 25.Be5 Bg5 26.f4 Bh6 27.Bf6 Rcc7 28.Kh2 Qd6 29.Bxe7 Rxe7
30.g3 Bd7 31.Ng1 g5 32.Nge2 Bc8 33.fxg5 Bxg5 34.Nf4 Bb7 35.Qf2 Bh6 36.d5 e5
37.Nfe2 Bc8 38.g4 e4+ 39.Ng3 e3 40.Qg2 Bg7 41.gxf5 Bxc3 42.Kh1 Kf8 43.Rg1 Bd2
44.Nh5 Nh6 45.f6 Rd7 46.Rdf1 Qxd5 47.Qxd5 Rxd5 48.Nf4 Rf5 49.Kh2 Nf7 50.Ne2 Rh5
51.Rf4 Rxh3+ 52.Kg2 Rh6 53.Rxc4 Bb7+ 54.Kg3 Rxf6 55.Rf4 Rg6+ 56.Kh2 Rh6+
57.Kg3 Ke7 58.Rg4 Nd6 59.Rg7+ Kf6 60.Rc7 Kg5 61.Rg7+ Kf6 62.Rc7 Nf5+ 63.Kf4 Rh4+
64.Rg4 Rh2 65.Rxb7 Rf2+  0-1

[Event "Paris-ch"]
[Site "Paris"]
[Date "1990.??.??"]
[Round "?"]
[White "Weeks, M."]
[Black "Lupu, Smaranda  B"]
[Result "0-1"]
[WhiteElo "2250"]
[BlackElo "2160"]

1.e4 g6 2.d4 Bg7 3.Nc3 c6 4.Nf3 d5 5.e5 Nh6 6.Bf4 f6 7.exf6 exf6 8.Bd3 O-O
9.O-O g5 10.Bxb8 Rxb8 11.Ne2 g4 12.Nd2 f5 13.c3 Nf7 14.Re1 Bh6 15.Qc2 Nd6
16.Ng3 Ne4 17.Ndf1 Kh8 18.Rad1 b5 19.a3 Bd7 20.b4 a5 21.Ra1 a4 22.Rad1 Qf6
23.Ne2 Rbe8 24.Nfg3 Nxf2 25.Kxf2 Be3+ 26.Kf1 f4 27.Nh1 Qh4 28.Ng1 Qxh2 29.Nf2 f3  0-1

[Event "World op"]
[Site "Philadelphia"]
[Date "1990.??.??"]
[Round "2"]
[White "Tseshkovsky, Vitaly"]
[Black "Rogers, Ian"]
[Result "1-0"]
[WhiteElo "2490"]
[BlackElo "2515"]

1.e4 g6 2.d4 Bg7 3.Nc3 c6 4.Nf3 d5 5.h3 Nf6 6.e5 Ne4 7.Nxe4 dxe4 8.Ng5 f6
9.exf6 exf6 10.Nxe4 Qe7 11.Qe2 O-O 12.Bf4 f5 13.Nd6 Qxe2+ 14.Bxe2 Bxd4 15.O-O-O Bf6
16.Bc4+ Kg7 17.Rhe1 g5 18.Ne8+ Kg6 19.Bd6 Nd7 20.Bxf8 Nxf8 21.Nxf6  1-0